Music Quiz

Random Music or Country Quiz

Eurovision 2016 Finalists Quiz Stats

 Plays Quiz not verified by Sporcle

Challenge
Share
Tweet
Embed
Score 0/26 Timer 04:00
0 Plays Today
Country % Correct
UK
97.9%
Russia
95.8%
France
95.1%
Italy
95.1%
Sweden
95.1%
Germany
93.9%
Ukraine
93.7%
Belgium
93.4%
Spain
93%
Armenia
91.3%
Australia
90.8%
Latvia
90.4%
Austria
90.1%
Country % Correct
Poland
89.7%
Azerbaijan
88.3%
Lithuania
87.8%
Netherlands
87.3%
Serbia
86.6%
Bulgaria
86.4%
Croatia
85.9%
Georgia
85.7%
Malta
85.7%
Czech Republic
84.5%
Cyprus
83.3%
Hungary
83.3%
Israel
79.1%

You're not logged in!

Compare scores with friends on all Sporcle quizzes.
OR
Log In

You Might Also Like...

Show Comments

Extras

Top Quizzes Today


Score Distribution

Your Account Isn't Verified!

In order to create a playlist on Sporcle, you need to verify the email address you used during registration. Go to your Sporcle Settings to finish the process.

Report this User

Report this user for behavior that violates our Community Guidelines.

Details: